Visualizzazione normale
Vista MARC
- Petrolini Ettore
di Personal Name
Records bibliografici associati: 1
001 - CONTROL NUMBER
- control field: 17699
003 - CONTROL NUMBER IDENTIFIER
- control field: IT-RoPau
005 - DATE AND TIME OF LATEST TRANSACTION
- control field: 20140329215413.0
008 - FIXED-LENGTH DATA ELEMENTS
- fixed length control field: 140329|| aca||aabn | a|a d
040 ## - CATALOGING SOURCE
- Original cataloging agency: IT-RoPau
- Transcribing agency: IT-RoPau
100 ## - HEADING--PERSONAL NAME
- Personal name: Petrolini Ettore
- Miscellaneous information: Codice autore testo/musica SPICS: 13136
- Relator term: Autore testo/musica
- Name of part/section of a work: Tanto pè cantà
670 ## - SOURCE DATA FOUND
- Source citation: Work cat.: (IT-RoPau)100069: AA.VV. 794, Renzo Arbore presenta New Pathetic "Elastic" orchestra in "Quelli della notte"